000 00435nam a2200181Ia 4500
001 10775
005 20260306161857.0
008 260306t2008||||xx |||||||||||||| ||spa||
041 _aESP
082 _a949.5
_bF52B
100 _aFinley, Moses I.
_eAUT
245 0 _aLa Grecia antigua:
_beconomía y sociedad
260 _c2008
300 _a368 páginas :
_c19 cm.
650 _aGEN
654 _aCHU
942 _cLIB
_dJUS
_fJUS
_2ddc
_n
999 _c10775
_d10775